LEADER 01227cam0 2200421 450 001 000005591 005 20120322165612.0 010 $a88-15-10132-2 100 $a20041125d2004----km-y0itay50------ba 101 0 $aita 102 $aIT 105 $aa-------001yy 200 1 $a<>tributi nell'economia italiana$fPaolo Bosi, M. Cecilia Guerra 205 $a5. ed. 210 $aBologna$cIl Mulino$dc2004 215 $a249 p.$ctab.$d22 cm 225 2 $aEconomia$iItinerari 410 0$12001$aEconomia 451 0$1001000000167 451 0$1001000002861 451 0$1001000004077 451 0$1001000004909 451 0$1001000006134 451 0$1001000007360 451 0$1001000007963 451 0$1001000028788 500 10$a<>tributi nell'economia italiana$937664 610 1 $aTributi$aItalia 610 1 $aTassazioni ed entrate nazionali 676 $a336.945 676 $a336.200945$v19$9Tasse e tassazione. Italia 700 1$aBosi,$bPaolo$0460415 701 1$aGuerra,$bMaria Cecilia$0123734 801 0$aIT$bUNIPARTHENOPE$gRICA$2UNIMARC 912 $a000005591 951 $a336-T/9$b37327$cNAVA1$d20041125 996 $aTributi nell'economia italiana$937664 997 $aUNIPARTHENOPE LEADER 00862nam1 2200301 450 001 000008930 005 20080312144613.0 010 $a978-88-08-16686-9 100 $a20080128d2007----km-y0itay50------ba 101 0 $aita 102 $aIT 105 $ay-------001yy 200 1 $aDiritto penale . Parte generale$fGiovanni Fiandaca, Enzo Musco 205 $a5. ed. 210 $aBologna$cZanichelli$d2007 215 $aXXXVIII, 882 p.$d25 cm 488 0$1001000008931 488 0$1001000008932 488 0$1001000009170 610 1 $aDiritto penale - Italia 676 $a345.45$v21 700 1$aFiandaca,$bGiovanni$c<1947- >$0294019 701 1$aMusco,$bEnzo$0437387 801 0$aIT$bUNIPARTHENOPE$c20080128$gRICA$2UNIMARC 912 $a000008930 951 $aR-0112$b40255$cNAVA3$d20080128 996 $aDiritto penale$9880321 997 $aUNIPARTHENOPE